El legado de María Curie /

Shranjeno v:
Bibliografske podrobnosti
Glavni avtor: Aguirre Quiroz, Gabriela
Format: Texto
Oznake: Označite
Brez oznak, prvi označite!

MARC

LEADER 00000 a a2200000 04500
001 45671
003
040 |a CRAI/IIS  |c CRAI/IIS 
100 |a Aguirre Quiroz, Gabriela  
245 |a El legado de María Curie /  |c Gabriela Aguirre Quiroz  
773 |g número501 (2012), página 47-54  
999 |c 18361  |d 18361